Statistics for Newest North American Sports Teams

Click here to take the quiz!

General Stats

  • This quiz has been taken 4,734 times
    (4,707 since last reset)
  • The average score is 11 of 19

Answer Stats

YearLeagueAnswer% Correct
2017NHLVegas Golden Knights
83%
1995NFLCarolina Panthers
74%
1993NHLFlorida Panthers
74%
2002NFLHouston Texans
69%
1995NFLJacksonville Jaguars
66%
1999NHLWinnipeg Jets
(Atlanta Thrashers)
62%
1995NBAVancouver Grizzlies
58%
1998MLBTampa Bay Rays
57%
1995NBAToronto Raptors
57%
1993MLBMiami Marlins
57%
2000NHLMinnesota Wild
56%
1998MLBArizona Diamondbacks
55%
1993NHLAnaheim Ducks
53%
1991NHLSan Jose Sharks
53%
2000NHLColumbus Blue Jackets
52%
1992NHLTampa Bay Lightning
51%
1998NHLNashville Predators
50%
1993MLBColorado Rockies
50%
1992NHLOttawa Senators
41%

Score Distribution

Percentile by Number Answered

Percent of People with Each Score

Your Score History

You have not taken this quiz since the last reset